000 00622nam a2200181 a 4500
001 000045782
005 20201002052436.0
008 150512s2007 dr 000 p spa d
020 _a9789945851021
040 _aDO-SdBNP
_bspa
_cBNPHU
082 _axxxxxxxxx
_bxxxxxxxxx
100 1 _aTejeda Read, Ramón,
_d1954-
_940386
245 1 0 _aVersos en los caminos /
_cRamón Tejeda Read ; ilustración Tulio Pérez Lizardo.
260 _aSanto Domingo :
_bPerla,
_c2007.
300 _a59 p. ;
_c20 cm.
500 _aIncluye datos biográficos del autor en la solapa de la cubierta
700 1 _aPérez Lizardo, Tulio,
_eil.
_973865
999 _c45271
_d45271